000 02045nam a22001457a 4500
999 _c529509
_d529509
008 250417b ||||| |||| 00| 0 eng d
100 _aKorde, Shilpa D. and Sukthankar, S. V.
_952118
245 _aAdoption of e-governance: A bibliometric analysis
260 _aBihar Journal of Public Administration
300 _a21(2), Jul-Dec, 2024: p.645-660
520 _aResearches on e-governance adoption has increasingly been raised since information and communication technology was used in the public sector. Much research on e-governance adoption has been published over the past ten years. The purpose of this research was to determine the evolutionary trajectory of research in e-governance adoption based on bibliometric gauges such as publications, source distribution, and authors; the co-occurrence and cluster analysis reveals patterns and interrelationships among key concepts, authors, and documents in e-governance adoption. The study also examines the impact of authors, keywords, publications, journals, and countries in the e-governance adoption literature. The present study endeavors to form bibliometric analysis as a comprehensive assessment of the evolution of e-governance literature. After evaluating, identifying, and synthesizing the extensive publications, 239 articles were selected. These articles were extracted from Scopus databases. The research employs VOSviewer and RStudio software for solving research questions. The finding indicates that there has been considerable growth in the research focusing on the adoption of e-governance. The cluster analysis reveals the primary research keywords in the e-governance adoption field delineated by their distinctive association. It also provides the framework for advancing exploration in this particular domain. – Reproduced http://www.iipabiharbranch.org/upload/BJPA%20Vol%20XXI%20No.%202%20Jul-Dec%202024.pdf
650 _aAdoption, Bibliometric, e-governance, RStudio, VOSviewer
_952119
773 _aBihar Journal of Public Administration
942 _cAR